000 aam a22 a 4500
999 _c4414
_d4414
003 AKMAL
005 20170530091611.0
008 170530s1998 my l 00 eng d
020 _a9678904357
_cRM 7.50
040 _cAKMAL
082 0 4 _a346.595022 LIM
090 0 0 _a347.595022
_bLIM
110 1 _aMalaysia
_9400
240 1 0 _aLimitation Act 1953
245 1 0 _aLimitation Act 1953 (Act 254) :
_b(as at 5th January 1998) /
_ccompiled by Legal Research Board
260 _aKuala Lumpur :
_bInternational Law Book Services,
_c1998
300 0 0 _aiii, 23p. ;
_c24cm
650 0 _aLimitation of actions
_xLaw and legislation
_zMalaysia
_98577
942 _2ddc
_cBOOK